1973 1290 1063 1644 1406 1661 1893 1102 1169 1496 1883 1190 1401 1142 1404 1472 1960 1728 1747 1288 1842 1953 1896 1778 1030 1839 1655 1871 1231 1401 1584 1012 1636 1567 1112 1536 1806 1689 1542 1767 1741 1486 1634 1451 1370 1501 1726 1498 1254 1745 1921 1320 1769 1427 1476 1884 1800 1613 1728 1299 1916 1052 1313 1004 1615 1934 1030 1262 1262 1109 1883 1956 1364 1115 1632 1189 1214 1189 1793 1094 1944 1944 1281 1773 1894 1281 1876 1459 1805 1331 1990 1985 1763 1731 1368 1963 1853 1284 1110 BCNSPRNW ULIB Ver.6.0+V

เปลี่ยนเป็นภาษาไทย

Change to English
 แสดงรายละเอียดบรรณานุกรม
  กลับหน้าหลัก

Brief Record : Get Marc (ISO 2709) : E-mail record : QR code < ปิดหน้าต่าง
LEADER : 00000nam 2200000uu 4500
001    13399111272
003     ULIB
008    110621s2000||||th 000 0 eng d
020    0781722012
020    9780781722018
060 04 WQ39^bM294 2000
245 00 Manual of clinical problems in obstetrics and gynecology :/^cedited by Michel E. Rivlin, John C. Morrison, G. William Bates ; foreword by Winfred L. Wiser
250    5th ed.
260    Philadelphia :^bLippintcott Williams & Wilkins^c2000
300    xix, 508 p. ;^c22 cm.
504    Includes bibliographical references
650  2 Gynecology^vHandbooks
650  2 Obstetrics^vHandbooks
700 1  Bates, G. William,^eed.
700 1  Morrison, John C.,^eed.
700 1  Rivlin, Michel E.,^eed.
945    ^p0^l0^i014920
995     Kesorn
999 ^a ใช้งานได้ทุกระบบ
รายการนี้ยังไม่มีแท็ก
คุณยังไม่ได้ล็อกอิน คุณสามารถมีกิจกรรมร่วมกับเว็บไซต์ได้ แต่ต้องล็อกอินก่อน ::
  ล็อกอิน

รายการสื่อสารสนเทศ

ลำดับที่ ประเภท เลขเรียก/บาร์โค้ด สถานที่ สถานะ
- ไม่พบข้อมูล -

BibComment


ยังไม่เคยถูกคอมเมนท์

คอมเมนท์ทรัพยากรรายการนี้
  คอมเมนท์: Manual of clinica..


 Copyright 2026. Bcnsprnw @Library